00463ntaaa2200157 45000030003000000050017000030080021000200400037000410820017000781000031000952450069001262500010001952600064002053000010002695000026002790120251027202804.00714s1973 ag 01  aAR-BaBNbspacAR-BaBNeaacrdRIC a860.0000 M52 aMendoza, Diego Hurtado de  aLa vida de Lazarillo de Tormes ye de sus fortunas y adversidades a1 ed. aBuenos Aires : bEditorial Sopena Argentina S.R.L., cc1940 a157 p aLiteratura española